[Event "Online Olym Top DivA 2021"]
[Site "chess.com INT"]
[Date "2021.09.10"]
[Round "9.5"]
[Board "5"]
[White "Tabatabaei, M. Amin"]
[Black "Kacharava, Nikolozi"]
[Result "1/2-1/2"]
[WhiteTitle "GM"]
[BlackTitle "IM"]
[WhiteElo "2624"]
[BlackElo "2453"]
[WhiteTeam "Iran"]
[BlackTeam "Georgia"]
[WhiteFideId "12521213"]
[BlackFideId "13611860"]
[EventDate "2021.09.08"]
[EventType "team"]

1. Nf3 d5 2. g3 g6 3. Bg2 Bg7 4. d4 c6 5. O-O Nf6 6. c4 dxc4 7. a4 Ne4 8. Qc2
Nd6 9. e4 Na6 10. Na3 Nb4 11. Qe2 Nd3 12. Nxc4 Nxc1 13. Raxc1 O-O 14. h3 h6 15.
Rfd1 Be6 16. Nce5 Qa5 17. Nd3 Bb3 18. Re1 Bxa4 19. Ra1 Qb5 20. e5 Nc8 21. b3
Bxb3 22. Reb1 c5 23. dxc5 Rd8 24. Nfe1 Qc4 25. Ra3 Ba4 26. Rb4 Bd1 27. Qd2 Qxc5
28. Nxc5 Rxd2 29. Bxb7 Rb8 30. Na6 Rxb7 31. Rxb7 Bxe5 32. Rd3 Rxd3 33. Nxd3 Bd6
34. Nac5 Bf3 35. Rb1 Kg7 36. h4 e5 37. Re1 f6 38. Rc1 Nb6 39. Ra1 e4 40. Ne6+
Kf7 41. Ndf4 Nc8 42. Nd4 g5 43. hxg5 hxg5 44. Nd5 Be5 45. Ra4 Bxd4 46. Rxd4 Ne7
47. Ne3 Ke6 48. Kf1 Nf5 49. Nxf5 Kxf5 50. Ra4 Kg4 51. Ke1 f5 52. Kd2 f4 53. gxf4
gxf4 54. Rxa7 Bg2 55. Ke2 Bf3+ 56. Ke1 e3 57. fxe3 fxe3 58. Re7 Kf4 59. Re8 Bg4
60. Kf1 Bf3 61. Kg1 Be4 62. Rf8+ Kg3 63. Kf1 Bf3 64. Ke1 Bg4 65. Rg8 Kf4 66. Rg7
Bf3 67. Kf1 Bg4 68. Re7 Bf3 69. Re8 Bg4 70. Kg2 Bf3+ 71. Kh2 e2 72. Kg1 Kg3 73.
Re3 Kf4 74. Kf2 Bg4 75. Ra3 Bh5 76. Ra4+ Kg5 77. Ra5+ Kh4 78. Re5 Bg4 79. Re3
Bh5 80. Re4+ Bg4 81. Kg2 Kg5 82. Kg3 Kf5 83. Re7 Bh5 84. Kf2 Kf4 85. Rb7 Bg4 86.
Rb4+ Kf5 87. Rd4 Bh5 88. Rd5+ Kg6 89. Re5 Bg4 90. Kg3 Kf6 91. Kf4 Bh5 92. Re3
Kg6 93. Rg3+ Kf6 94. Rg1 Bf7 95. Ke3 Bc4 96. Rc1 Ke5 97. Kd2 Kd4 98. Rh1 Bb5 99.
Rh4+ Kc5 100. Re4 Kd5 101. Rh4 Bc4 102. Rg4 Ba6 103. Rg5+ Kd4 104. Rg8 Bc4 105.
Rd8+ Kc5 106. Rd7 Bb5 107. Re7 Kd4 108. Ra7 Bc4 109. Ra5 Bd3 110. Rg5 Ba6 111.
Rg4+ Kd5 112. Rf4 Bc4 113. Rf8 Ba6 114. Rd8+ Kc5 115. Ra8 Bb5 116. Rb8 Bc4 117.
Rb1 Kd4 118. Rg1 Ba6 119. Rg4+ Kd5 1/2-1/2

[Event "Online Olym Top DivA 2021"]
[Site "chess.com INT"]
[Date "2021.09.10"]
[Round "9.5"]
[Board "6"]
[White "Koridze, Lile"]
[Black "Zahedifar, Anahita"]
[Result "0-1"]
[WhiteTitle "WFM"]
[BlackTitle "WFM"]
[WhiteElo "2016"]
[BlackElo "2213"]
[WhiteTeam "Georgia"]
[BlackTeam "Iran"]
[WhiteFideId "13612514"]
[BlackFideId "12560715"]
[EventDate "2021.09.08"]
[EventType "team"]

1. d4 d5 2. c4 c6 3. cxd5 cxd5 4. Bf4 Nc6 5. Nc3 Nf6 6. e3 Bf5 7. Bb5 e6 8. Qa4
Qb6 9. Nf3 Be7 10. Ne5 Rc8 11. Nxc6 bxc6 12. Ba6 Qxb2 13. O-O Bc2 14. Rab1 Qxc3
15. Rb3 Bxb3 16. axb3 Rd8 17. Bc7 O-O 18. Bxd8 Rxd8 19. Bb7 Ne4 20. Qxa7 Nd2 21.
Rd1 Qxb3 22. Ra1 Ne4 23. Bxc6 Qb2 24. Rf1 Bd6 25. g3 Nd2 26. Qa5 Rb8 27. Ra1 Nb3 0-1